000 01497nam a2200349 a 4500
001 ebr10506381
003 CaPaEBR
006 m u
007 cr cn|||||||||
008 110812s2011 dcuad sb 001 0 eng d
010 _z 2011034178
020 _z9780821387979
020 _z9780821387986 (e-book)
040 _aCaPaEBR
_cCaPaEBR
035 _a(OCoLC)755417105
043 _af------
050 1 4 _aHG187.5.A2
_bF56 2011eb
082 0 4 _a332.096
_223
245 0 0 _aFinancing Africa
_h[electronic resource] :
_bthrough the crisis and beyond /
_cThorsten Beck ... [et al.].
260 _aWashington, D.C. :
_bWorld Bank,
_c2011.
300 _axvii, 301 p. :
_bcol. ill.
504 _aIncludes bibliographical references and index.
505 0 _aFinancing Africa: setting the stage -- Landscaping African finance -- Expanding financial systems -- Lengthening financial contracts -- Safeguarding financial systems -- All financial sector policy is local.
533 _aElectronic reproduction.
_bPalo Alto, Calif. :
_cebrary,
_d2011.
_nAvailable via World Wide Web.
_nAccess may be limited to ebrary affiliated libraries.
650 0 _aFinancial institutions
_zAfrica.
650 0 _aFinance
_zAfrica.
650 0 _aMonetary policy
_zAfrica.
655 7 _aElectronic books.
_2local
700 1 _aBeck, Thorsten.
710 2 _aebrary, Inc.
856 4 0 _uhttp://site.ebrary.com/lib/rucke/Doc?id=10506381
_zAn electronic book accessible through the World Wide Web; click to view
999 _c218751
_d218751